00829cam a2200253 a 450000100040000000500170000402000280002104000230004905000250007208200140009710000240011124500750013526000390021030000450024950500060029452001240030052100180042452100190044265000190046165000190048065000220049965000230052170000310054453320230929113858.0 a0689814631 (alk. paper) aDLCcDLCdDLCbeng00aPZ7.H83727bBut 199900a813.52211 aHowe, James,d1946-10aBunnicula strikes again! /cJames Howe ; illustrations by Alan Daniel. aNew York :bSimon & Schusterc1999 aix, 116 pages :billustrations ;c22 cm. aQ aWhen Bunnicula the rabbit starts acting strangely, the Monroe dogs and cat renew their suspicions that he is a vampire. a860 bLexile aQ bRaz-Plus 1aDogsvFiction. 1aCatsvFiction. 1aRabbitsvFiction. 1aVampiresvFiction.1 aDaniel, Alan,d1939-eill.